50 Popular Extreme Demons in Geometry Dash - Statistics

General Stats
  • This quiz has been taken 18 times
  • The average score is 34 of 50
Answer Stats
Publisher Level Likes % Correct
Riot Bloodbath 4.4M
100%
Knobbelboy Bloodlust 1M
100%
IcEDCave Slaughterhouse 921K
100%
lSunix Sonic Wave 896K
100%
TrickGMD Firework 140K
93%
OniLinkGD Tidal Wave 309K
93%
Ryamu Acheron 193K
86%
Ggb0Y Cataclysm 1.3M
86%
CHERRYTEAM KOCMOC 155K
86%
TheDiamondPizza Sakupen Circles 177K
86%
TrusTa Sakupen Hell 553K
86%
ItzDolphy Tartarus 286K
86%
BoBoBoBoBoBoBoBoBo The Golden 116K
86%
Neigefeu Acu 215K
79%
KrmaL Heartbeat 213K
79%
ViPriN HyperSonic 530K
79%
MindCap LIMBO 260K
79%
KrmaL XO 188K
79%
BIANOX Zodiac 217K
79%
ViPriN Artificial Ascent 344K
71%
Spectruh Down Bass 132K
71%
KrmaL Phobos 637K
71%
Riot Red World Rebirth 260K
71%
Vortrox Stereo Extremeness 117K
71%
JonathanGD The Lost Existence 215K
71%
Andromeda GMD The Ultimate Phase 504K
71%
TrusTa Yatagarasu 1M
71%
Souls TRK AcropoliX 155K
64%
KrmaL Black Blizzard 303K
64%
JonathanGD BuTiTi III 141K
64%
Presta Congregation 193K
64%
ViPriN Digital Descent 221K
64%
BoldStep Erebus 119K
64%
KrmaL Falling Up 235K
64%
TheShadowRealm PanaSonic 432K
64%
ViPriN SubSonic 320K
64%
Dorami The Yandere 233K
64%
KrmaL Conical Depression 166K
57%
JonathanGD Dark Odyssey 206K
57%
TeamN2 A Bizarre Phantasm 207K
50%
Knobbelboy Astral Divinity 217K
50%
Manix648 Blade of Justice 219K
50%
WOOGI1411 Retention 126K
50%
IIExenityII Aftermath 131K
43%
BoldStep Killbot 118K
43%
TeamN2 The Hell Factory 156K
43%
Rustam Deception Dive 115K
36%
Riot Quantum Processing 147K
36%
Quiken Pumped Up Kicks 150K
29%
TheJShadow Throat of the World 124K (Platformer)
29%
No matching quizzes found
Score Distribution
Percent of People with Each Score
Percentile by Number Answered
Your Score History
You have not taken this quiz